الإحصائيات لـ الرياضيات السريعة - ضاعف هذا الرقم!

أنقر هنا لكي تخضع للإختبار!

الإحصائيات العامة

  • هذا الإختبار تم الخضوع له 157 مره
  • الدرجة المتوسطة هي 7 من 20

إحصائيات الإجابة

رقممزدوج% صحيح
5011002
100%
5041008
100%
51102
100%
5101020
100%
5131026
100%
52104
100%
5331066
100%
5401080
100%
5541108
100%
5591118
100%
5651130
100%
57114
100%
5701140
100%
5981196
100%
612
100%
6021204
100%
6041208
100%
61122
100%
6111222
100%
6181236
100%
6201240
100%
6341268
100%
6391278
100%
6441288
100%
66132
100%
6801360
100%
6911382
100%
7001400
100%
7021404
100%
7031406
100%
7041408
100%
7051410
100%
7091418
100%
7121424
100%
7141428
100%
7161432
100%
7221444
100%
7351470
100%
7401480
100%
7491498
100%
7581516
100%
7701540
100%
7871574
100%
816
100%
80160
100%
8021604
100%
8061612
100%
8131626
100%
8191638
100%
82164
100%
8201640
100%
8221644
100%
8271654
100%
8491698
100%
8551710
100%
8561712
100%
86172
100%
8751750
100%
8781756
100%
88176
100%
918
100%
90180
100%
9031806
100%
9091818
100%
9101820
100%
9151830
100%
9161832
100%
92184
100%
9201840
100%
9301860
100%
9341868
100%
9401880
100%
98196
100%
9861972
100%
9921984
100%
1020
100%
100200
100%
104208
100%
105210
100%
106212
100%
109218
100%
110220
100%
111222
100%
113226
100%
115230
100%
117234
100%
121242
100%
122244
100%
124248
100%
125250
100%
127254
100%
128256
100%
131262
100%
135270
100%
142284
100%
1530
100%
150300
100%
151302
100%
153306
100%
159318
100%
170340
100%
172344
100%
173346
100%
177354
100%
1938
100%
195390
100%
198396
100%
199398
100%
202404
100%
203406
100%
204408
100%
210420
100%
211422
100%
222444
100%
225450
100%
228456
100%
229458
100%
2346
100%
256512
100%
262524
100%
263526
100%
270540
100%
2856
100%
290580
100%
295590
100%
306612
100%
308616
100%
309618
100%
312624
100%
318636
100%
319638
100%
3264
100%
321642
100%
322644
100%
324648
100%
330660
100%
3672
100%
380760
100%
391782
100%
4080
100%
403806
100%
404808
100%
405810
100%
406812
100%
411822
100%
412824
100%
423846
100%
428856
100%
4386
100%
430860
100%
4488
100%
441882
100%
460920
100%
493986
100%
221442
83%
1428
80%
140280
80%
152304
80%
302604
80%
4182
80%
5071014
75%
5151030
75%
5291058
75%
62124
75%
9021804
75%
160320
75%
208416
75%
214428
75%
301602
75%
315630
75%
350700
75%
5121024
67%
5231046
67%
5461092
67%
5721144
67%
5741148
67%
6101220
67%
6301260
67%
7111422
67%
7151430
67%
7431486
67%
8001600
67%
8031606
67%
8081616
67%
81162
67%
9351870
67%
9461892
67%
95190
67%
103206
67%
107214
67%
126252
67%
145290
67%
155310
67%
175350
67%
230460
67%
236472
67%
243486
67%
250500
67%
253506
67%
254508
67%
273546
67%
291582
67%
310620
67%
329658
67%
337674
67%
353706
67%
400800
67%
55110
60%
2142
60%
233466
60%
241482
60%
490980
60%
510
50%
5031006
50%
5061012
50%
5211042
50%
5251050
50%
5281056
50%
5381076
50%
5421084
50%
5451090
50%
5511102
50%
58116
50%
5801160
50%
5811162
50%
5961192
50%
6031206
50%
6061212
50%
6161232
50%
6211242
50%
6381276
50%
6571314
50%
6601320
50%
6611322
50%
6651330
50%
6961392
50%
70140
50%
7061412
50%
7081416
50%
71142
50%
7171434
50%
7191438
50%
7241448
50%
7311462
50%
7321464
50%
7461492
50%
7501500
50%
7631526
50%
7661532
50%
7911582
50%
7951590
50%
8041608
50%
8091618
50%
8111622
50%
8141628
50%
8231646
50%
8301660
50%
8311662
50%
8321664
50%
8341668
50%
8391678
50%
85170
50%
8601720
50%
8671734
50%
9001800
50%
9051810
50%
9071814
50%
9081816
50%
9251850
50%
9331866
50%
9411882
50%
9551910
50%
9601920
50%
97194
50%
9931986
50%
9941988
50%
114228
50%
116232
50%
130260
50%
141282
50%
144288
50%
1734
50%
174348
50%
190380
50%
200400
50%
201402
50%
206412
50%
207414
50%
212424
50%
213426
50%
219438
50%
223446
50%
226452
50%
2448
50%
242484
50%
248496
50%
258516
50%
2652
50%
264528
50%
2754
50%
276552
50%
281562
50%
287574
50%
292584
50%
297594
50%
300600
50%
305610
50%
314628
50%
320640
50%
325650
50%
331662
50%
339678
50%
341682
50%
342684
50%
348696
50%
364728
50%
385770
50%
387774
50%
3978
50%
396792
50%
402804
50%
433866
50%
440880
50%
442884
50%
444888
50%
445890
50%
448896
50%
4590
50%
450900
50%
454908
50%
4692
50%
471942
50%
472944
50%
478956
50%
486972
50%
498996
50%
5021004
40%
6481296
40%
1122
40%
149298
40%
289578
40%
373746
40%
453906
40%
494988
40%
5201040
33%
5371074
33%
5481096
33%
5581116
33%
5601120
33%
5661132
33%
6121224
33%
6131226
33%
6151230
33%
6241248
33%
6331266
33%
6561312
33%
68136
33%
7211442
33%
7671534
33%
7721544
33%
7881576
33%
8371674
33%
8511702
33%
8651730
33%
9231846
33%
93186
33%
9751950
33%
9841968
33%
120240
33%
123246
33%
132264
33%
137274
33%
164328
33%
169338
33%
180360
33%
194388
33%
231462
33%
244488
33%
266532
33%
271542
33%
280560
33%
296592
33%
333666
33%
3468
33%
345690
33%
351702
33%
359718
33%
382764
33%
383766
33%
386772
33%
416832
33%
422844
33%
429858
33%
438876
33%
443886
33%
475950
33%
477954
33%
492984
33%
5321064
25%
5391078
25%
5441088
25%
5521104
25%
5731146
25%
5821164
25%
6011202
25%
6261252
25%
6271254
25%
6471294
25%
6731346
25%
7421484
25%
7541508
25%
7741548
25%
7941588
25%
8251650
25%
8381676
25%
8581716
25%
8721744
25%
9881976
25%
118236
25%
143286
25%
157314
25%
235470
25%
246492
25%
267534
25%
299598
25%
316632
25%
317634
25%
370740
25%
390780
25%
427854
25%
439878
25%
465930
25%
499998
25%
6171234
20%
7181436
20%
7301460
20%
8621724
20%
136272
20%
6511302
17%
8771754
17%
192384
17%
293586
17%
50100
0%
5001000
0%
5051010
0%
5081016
0%
5091018
0%
5111022
0%
5141028
0%
5161032
0%
5171034
0%
5181036
0%
5191038
0%
5221044
0%
5241048
0%
5261052
0%
5271054
0%
53106
0%
5301060
0%
5311062
0%
5341068
0%
5351070
0%
5361072
0%
54108
0%
5411082
0%
5431086
0%
5471094
0%
5491098
0%
5501100
0%
5531106
0%
5551110
0%
5561112
0%
5571114
0%
56112
0%
5611122
0%
5621124
0%
5631126
0%
5641128
0%
5671134
0%
5681136
0%
5691138
0%
5711142
0%
5751150
0%
5761152
0%
5771154
0%
5781156
0%
5791158
0%
5831166
0%
5841168
0%
5851170
0%
5861172
0%
5871174
0%
5881176
0%
5891178
0%
59118
0%
5901180
0%
5911182
0%
5921184
0%
5931186
0%
5941188
0%
5951190
0%
5971194
0%
5991198
0%
60120
0%
6001200
0%
6051210
0%
6071214
0%
6081216
0%
6091218
0%
6141228
0%
6191238
0%
6221244
0%
6231246
0%
6251250
0%
6281256
0%
6291258
0%
63126
0%
6311262
0%
6321264
0%
6351270
0%
6361272
0%
6371274
0%
64128
0%
6401280
0%
6411282
0%
6421284
0%
6431286
0%
6451290
0%
6461292
0%
6491298
0%
65130
0%
6501300
0%
6521304
0%
6531306
0%
6541308
0%
6551310
0%
6581316
0%
6591318
0%
6621324
0%
6631326
0%
6641328
0%
6661332
0%
6671334
0%
6681336
0%
6691338
0%
67134
0%
6701340
0%
6711342
0%
6721344
0%
6741348
0%
6751350
0%
6761352
0%
6771354
0%
6781356
0%
6791358
0%
6811362
0%
6821364
0%
6831366
0%
6841368
0%
6851370
0%
6861372
0%
6871374
0%
6881376
0%
6891378
0%
69138
0%
6901380
0%
6921384
0%
6931386
0%
6941388
0%
6951390
0%
6971394
0%
6981396
0%
6991398
0%
714
0%
7011402
0%
7071414
0%
7101420
0%
7131426
0%
72144
0%
7201440
0%
7231446
0%
7251450
0%
7261452
0%
7271454
0%
7281456
0%
7291458
0%
73146
0%
7331466
0%
7341468
0%
7361472
0%
7371474
0%
7381476
0%
7391478
0%
74148
0%
7411482
0%
7441488
0%
7451490
0%
7471494
0%
7481496
0%
75150
0%
7511502
0%
7521504
0%
7531506
0%
7551510
0%
7561512
0%
7571514
0%
7591518
0%
76152
0%
7601520
0%
7611522
0%
7621524
0%
7641528
0%
7651530
0%
7681536
0%
7691538
0%
77154
0%
7711542
0%
7731546
0%
7751550
0%
7761552
0%
7771554
0%
7781556
0%
7791558
0%
78156
0%
7801560
0%
7811562
0%
7821564
0%
7831566
0%
7841568
0%
7851570
0%
7861572
0%
7891578
0%
79158
0%
7901580
0%
7921584
0%
7931586
0%
7961592
0%
7971594
0%
7981596
0%
7991598
0%
8011602
0%
8051610
0%
8071614
0%
8101620
0%
8121624
0%
8151630
0%
8161632
0%
8171634
0%
8181636
0%
8211642
0%
8241648
0%
8261652
0%
8281656
0%
8291658
0%
83166
0%
8331666
0%
8351670
0%
8361672
0%
84168
0%
8401680
0%
8411682
0%
8421684
0%
8431686
0%
8441688
0%
8451690
0%
8461692
0%
8471694
0%
8481696
0%
8501700
0%
8521704
0%
8531706
0%
8541708
0%
8571714
0%
8591718
0%
8611722
0%
8631726
0%
8641728
0%
8661732
0%
8681736
0%
8691738
0%
87174
0%
8701740
0%
8711742
0%
8731746
0%
8741748
0%
8761752
0%
8791758
0%
8801760
0%
8811762
0%
8821764
0%
8831766
0%
8841768
0%
8851770
0%
8861772
0%
8871774
0%
8881776
0%
8891778
0%
89178
0%
8901780
0%
8911782
0%
8921784
0%
8931786
0%
8941788
0%
8951790
0%
8961792
0%
8971794
0%
8981796
0%
8991798
0%
9011802
0%
9041808
0%
9061812
0%
91182
0%
9111822
0%
9121824
0%
9131826
0%
9141828
0%
9171834
0%
9181836
0%
9191838
0%
9211842
0%
9221844
0%
9241848
0%
9261852
0%
9271854
0%
9281856
0%
9291858
0%
9311862
0%
9321864
0%
9361872
0%
9371874
0%
9381876
0%
9391878
0%
94188
0%
9421884
0%
9431886
0%
9441888
0%
9451890
0%
9471894
0%
9481896
0%
9491898
0%
9501900
0%
9511902
0%
9521904
0%
9531906
0%
9541908
0%
9561912
0%
9571914
0%
9581916
0%
9591918
0%
96192
0%
9611922
0%
9621924
0%
9631926
0%
9641928
0%
9651930
0%
9661932
0%
9671934
0%
9681936
0%
9691938
0%
9701940
0%
9711942
0%
9721944
0%
9731946
0%
9741948
0%
9761952
0%
9771954
0%
9781956
0%
9791958
0%
9801960
0%
9811962
0%
9821964
0%
9831966
0%
9851970
0%
9871974
0%
9891978
0%
99198
0%
9901980
0%
9911982
0%
101202
0%
102204
0%
108216
0%
112224
0%
119238
0%
1224
0%
129258
0%
1326
0%
133266
0%
134268
0%
138276
0%
139278
0%
146292
0%
147294
0%
148296
0%
154308
0%
156312
0%
158316
0%
1632
0%
161322
0%
162324
0%
163326
0%
165330
0%
166332
0%
167334
0%
168336
0%
171342
0%
176352
0%
178356
0%
179358
0%
1836
0%
181362
0%
182364
0%
183366
0%
184368
0%
185370
0%
186372
0%
187374
0%
188376
0%
189378
0%
191382
0%
193386
0%
196392
0%
197394
0%
2040
0%
205410
0%
209418
0%
215430
0%
216432
0%
217434
0%
218436
0%
2244
0%
220440
0%
224448
0%
227454
0%
232464
0%
234468
0%
237474
0%
238476
0%
239478
0%
240480
0%
245490
0%
247494
0%
249498
0%
2550
0%
251502
0%
252504
0%
255510
0%
257514
0%
259518
0%
260520
0%
261522
0%
265530
0%
268536
0%
269538
0%
272544
0%
274548
0%
275550
0%
277554
0%
278556
0%
279558
0%
282564
0%
283566
0%
284568
0%
285570
0%
286572
0%
288576
0%
2958
0%
294588
0%
298596
0%
3060
0%
303606
0%
304608
0%
307614
0%
3162
0%
311622
0%
313626
0%
323646
0%
326652
0%
327654
0%
328656
0%
3366
0%
332664
0%
334668
0%
335670
0%
336672
0%
338676
0%
340680
0%
343686
0%
344688
0%
346692
0%
347694
0%
349698
0%
3570
0%
352704
0%
354708
0%
355710
0%
356712
0%
357714
0%
358716
0%
360720
0%
361722
0%
362724
0%
363726
0%
365730
0%
366732
0%
367734
0%
368736
0%
369738
0%
3774
0%
371742
0%
372744
0%
374748
0%
375750
0%
376752
0%
377754
0%
378756
0%
379758
0%
3876
0%
381762
0%
384768
0%
388776
0%
389778
0%
392784
0%
393786
0%
394788
0%
395790
0%
397794
0%
398796
0%
399798
0%
401802
0%
407814
0%
408816
0%
409818
0%
410820
0%
413826
0%
414828
0%
415830
0%
417834
0%
418836
0%
419838
0%
4284
0%
420840
0%
421842
0%
424848
0%
425850
0%
426852
0%
431862
0%
432864
0%
434868
0%
435870
0%
436872
0%
437874
0%
446892
0%
447894
0%
449898
0%
451902
0%
452904
0%
455910
0%
456912
0%
457914
0%
458916
0%
459918
0%
461922
0%
462924
0%
463926
0%
464928
0%
466932
0%
467934
0%
468936
0%
469938
0%
4794
0%
470940
0%
473946
0%
474948
0%
476952
0%
479958
0%
4896
0%
480960
0%
481962
0%
482964
0%
483966
0%
484968
0%
485970
0%
487974
0%
488976
0%
489978
0%
4998
0%
491982
0%
495990
0%
496992
0%
497994
0%

توزيع النقاط

النسبة وفقا للأرقام

نسبة الأشخاص لكل درجة

سجل النقاط الخاصة بك

لم تضخع لهذا الإختبار